| 000 | 00493cam a22001571 4500 | ||
|---|---|---|---|
| 082 |
_a808.8 _bMAR _cL -29 P - 28 |
||
| 100 | 1 |
_aMartin, Harold Clark, _945861 |
|
| 245 | 1 | 0 |
_aInquiry & expression; _ba college reader _c[by] Harold C. Martin & Richard M. Ohmann. |
| 260 |
_aNew York, _bRinehart _c[1958] |
||
| 300 |
_a751 p. _c24 cm. |
||
| 526 |
_a0 _b0 _c0 _d808_800000000000000_MAR |
||
| 650 | 0 |
_aLiterature. _96261 |
|
| 650 | 0 |
_aMCE _9379 |
|
| 700 | 1 |
_aOhmann, Richard M. _945862 |
|
| 942 |
_2ddc _cBK |
||
| 999 |
_c549286 _d549286 |
||